000 00478nam a2200193 a 4500
001 1767590576240
003 ACL
005 20260105105718.0
008 260105s2010##################000#0#eng##
020 _a9780600621324
082 0 4 _a641.5635
_bHAM
100 1 _aFilippelli, Marina,
_eauthor.
245 1 0 _a200 Low Calorie Recipes :
260 _bHamlyn (UK),
_c2010.
300 _a240 pages
650 0 _aLow-calorie diet.
942 _cENGLISH
040 _aACL
_beng
_cACL
999 _c607330
_d607330